000 00467nam a2200181Ia 4500
005 20250326130930.0
008 250326s9999 xx 000 0 und d
037 _aTextbook
040 _aFMSL
_beng
_cFMSL
041 _aeng
_2eng
084 _aX:9 M1
_qFMSL
100 _aScobel D N
_9741767
245 0 _aCreative Worklife
_cScobel D N
260 _aLondon
_bLondon, Gulf
_c1981
300 _a244p
942 _cTB
_hX:9 M1
999 _c1284753
_d1284753